[Event "Collado Villalba op 39th"]
[Site "Collado Villalba"]
[Date "2022.08.26"]
[Round "7"]
[White "Sancho Castiello, Federico"]
[Black "Martin Garcia, Francisco Javier"]
[Result "1-0"]
[WhiteElo "1729"]
[BlackElo "1509"]
[PlyCount "159"]
[EventDate "2022.08.20"]
[EventType "swiss"]
[EventRounds "9"]
[EventCountry "ESP"]
[SourceTitle "EXT 2023"]
[Source "ChessBase"]
[SourceDate "2022.10.05"]
[SourceVersion "1"]
[SourceVersionDate "2022.10.05"]
[SourceQuality "1"]

1. e4 c5 2. Nf3 d6 3. d4 cxd4 4. Nxd4 Nf6 5. Nc3 a6 6. a4 e5 7. Nf3 Be7 8. Bg5 Be6 9. Bxf6 Bxf6 10. Nd5 Nd7 11. Bc4 Nb6 12. Nxf6+ Qxf6 13. Bxe6 Qxe6 14. a5 Nd7 15. 0-0 Nf6 16. Re1 0-0 17. Ra3 Rfd8 18. Rd3 Rac8 19. b3 h6 20. Qd2 Rc6 21. c4 Rc5 22. Qb4 Qc8 23. Nd2 Qc7 24. Ra1 Qc6 25. f3 Qc7 26. Nf1 g6 27. Ne3 Kg7 28. Qa3 Qe7 29. Rad1 Rc6 30. b4 b5 31. cxb5 axb5 32. Nd5 Nxd5 33. Rxd5 Qa7+ 34. Kf1 Rc2 35. R5d2 Rc6 36. Qd3 Rc4 37. Qb3 Rc6 38. Ke2 Kf6 39. Qe3 Qxe3+ 40. Kxe3 Ke6 41. Rd5 Rb8 42. g4 Rc3+ 43. R1d3 Rc6 44. h4 Rb7 45. Ra3 Rb8 46. a6 Ra8 47. a7 Rc7 48. Ra6 Rd7 49. Rxb5 Rdxa7 50. Rxa7 Rxa7 51. Ra5 Rb7 52. b5 Rb6 53. Kd3 h5 54. g5 f6 55. gxf6 Kxf6 56. Kc4 Ke6 57. Ra6 Rb8 58. b6 Rc8+ 59. Kb4 Rc1 60. Ra3 Kd7 61. Ra7+ Kc8 62. Kb5 Rb1+ 63. Kc6 Kb8 64. Rb7+ Kc8 65. Rg7 Rc1+ 66. Kxd6 Rb1 67. b7+ Kb8 68. Kxe5 Rb6 69. f4 Rb5+ 70. Kf6 Rb6+ 71. Kg5 Rb5+ 72. Kxg6 Rb1 73. Kxh5 Rb6 74. e5 Re6 75. Kg5 Rb6 76. h5 Rb1 77. h6 Rg1+ 78. Kf6 Rh1 79. h7 Ka7 80. h8Q 1-0

[Event "Collado Villalba op 39th"]
[Site "Collado Villalba"]
[Date "2022.08.21"]
[Round "2"]
[White "Garcia Varea, Benjamin"]
[Black "Sancho Castiello, Federico"]
[Result "1/2-1/2"]
[WhiteElo "1476"]
[BlackElo "1729"]
[PlyCount "88"]
[EventDate "2022.08.20"]
[EventType "swiss"]
[EventRounds "9"]
[EventCountry "ESP"]
[SourceTitle "EXT 2023"]
[Source "ChessBase"]
[SourceDate "2022.10.05"]
[SourceVersion "1"]
[SourceVersionDate "2022.10.05"]
[SourceQuality "1"]

1. e4 c5 2. Nf3 e6 3. d4 cxd4 4. Nxd4 Nc6 5. a3 Nf6 6. Nc3 a6 7. Be3 d5 8. exd5 Nxd5 9. Nxd5 Qxd5 10. Nf3 Qxd1+ 11. Rxd1 Be7 12. Bb6 0-0 13. Bd3 e5 14. h3 Be6 15. Bc7 f6 16. 0-0 Rac8 17. Bb6 f5 18. Nd2 Nb8 19. Rfe1 Rc6 20. Ba5 e4 21. Bf1 Rxc2 22. Nxe4 fxe4 23. Rxe4 Rf6 24. Bc3 Rxc3 25. bxc3 b5 26. a4 Kf7 27. axb5 axb5 28. Bxb5 Bc5 29. Rd2 Rf5 30. c4 Ke7 31. Kf1 Rf6 32. g4 h6 33. f4 g6 34. Kg2 Ba3 35. Kf3 Bb4 36. Rd3 Bd6 37. Rde3 Nd7 38. Bxd7 Kxd7 39. Rd3 Kc6 40. Ke3 Bd7 41. Rd5 Re6 42. f5 gxf5 43. Rxf5 Be7 44. Rxe6+ Bxe6 1/2-1/2

[Event "Collado Villalba op 38th"]
[Site "Collado Villalba"]
[Date "2021.08.29"]
[Round "9"]
[White "Sancho Castiello, Federico"]
[Black "Rojas Pozo, Jose Luis"]
[Result "0-1"]
[WhiteElo "1763"]
[BlackElo "1876"]
[PlyCount "64"]
[EventDate "2021.08.21"]
[EventType "swiss"]
[EventRounds "9"]
[EventCountry "ESP"]
[SourceTitle "EXT 2022"]
[Source "ChessBase"]
[SourceDate "2021.10.06"]
[SourceVersion "1"]
[SourceVersionDate "2021.10.06"]
[SourceQuality "1"]

1. e4 c6 2. d4 d5 3. Nd2 dxe4 4. Nxe4 Nf6 5. Nxf6+ gxf6 6. c3 h5 7. g3 h4 8. Bg2 Bf5 9. g4 Be6 10. h3 Bd5 11. Bxd5 Qxd5 12. Qf3 Nd7 13. Qxd5 cxd5 14. Be3 0-0-0 15. 0-0-0 Nb6 16. b3 e5 17. f3 Re8 18. Kd2 Bd6 19. Ne2 Re6 20. Bf2 e4 21. fxe4 dxe4 22. c4 e3+ 23. Bxe3 Bb4+ 24. Kd3 Rhe8 25. Bd2 Bxd2 26. Rxd2 Re3+ 27. Kc2 Rxe2 28. Rf1 Nd7 29. Rf5 R8e3 30. Rxe2 Rxe2+ 31. Kd3 Rh2 32. Rf3 Rxa2 0-1

[Event "Collado Villalba op 38th"]
[Site "Collado Villalba"]
[Date "2021.08.28"]
[Round "8"]
[White "Bartolome Benito, Alejandro"]
[Black "Sancho Castiello, Federico"]
[Result "0-1"]
[WhiteElo "1530"]
[BlackElo "1763"]
[PlyCount "86"]
[EventDate "2021.08.21"]
[EventType "swiss"]
[EventRounds "9"]
[EventCountry "ESP"]
[SourceTitle "EXT 2022"]
[Source "ChessBase"]
[SourceDate "2021.10.06"]
[SourceVersion "1"]
[SourceVersionDate "2021.10.06"]
[SourceQuality "1"]

1. e4 c5 2. Nf3 e6 3. g3 Nc6 4. Bg2 Nf6 5. Nc3 d5 6. exd5 Nxd5 7. Nxd5 Qxd5 8. 0-0 Be7 9. b3 Bf6 10. Rb1 0-0 11. Bb2 Bxb2 12. Rxb2 Rd8 13. d3 Bd7 14. Re1 Qh5 15. Nd2 Qxd1 16. Rxd1 Rab8 17. Nf3 Be8 18. a3 b5 19. Rbb1 Rd6 20. Kf1 f6 21. h3 Rbd8 22. Ke2 e5 23. g4 Ne7 24. Nd2 Bc6 25. Bxc6 Nxc6 26. Nf3 a5 27. Ke1 Kf7 28. Ke2 g5 29. Ke1 h5 30. Ke2 Rh8 31. Rh1 Ke6 32. Ke3 Ne7 33. c4 b4 34. a4 Rhd8 35. Rbd1 Ng6 36. Rd2 Nf4 37. Rhd1 Nxh3 38. gxh5 Rh8 39. Rh1 g4 40. Nh2 f5 41. Nf1 Rxh5 42. f3 f4+ 43. Ke4 Rd4# 0-1

[Event "Collado Villalba op 38th"]
[Site "Collado Villalba"]
[Date "2021.08.27"]
[Round "7"]
[White "Sancho Castiello, Federico"]
[Black "Arevillca Colque, Jonatan"]
[Result "1-0"]
[WhiteElo "1763"]
[BlackElo "1309"]
[PlyCount "79"]
[EventDate "2021.08.21"]
[EventType "swiss"]
[EventRounds "9"]
[EventCountry "ESP"]
[SourceTitle "CBM 204 Extra"]
[Source "ChessBase"]
[SourceDate "2021.11.30"]
[SourceVersion "1"]
[SourceVersionDate "2021.11.30"]
[SourceQuality "1"]

1. e4 e5 2. Nf3 Nc6 3. Bb5 Nf6 4. d3 d6 5. c3 Be7 6. 0-0 Bg4 7. Re1 0-0 8. h3 Bh5 9. Nbd2 Qd7 10. Nf1 a6 11. Ba4 b5 12. Bc2 d5 13. Ng3 dxe4 14. Nxh5 exf3 15. Nxf6+ Bxf6 16. Qxf3 b4 17. Qe4 bxc3 18. Ba4 Qd4 19. Bxc6 cxb2 20. Bxb2 Qxe4 21. Rxe4 Rad8 22. Ba3 Rxd3 23. Bxf8 Kxf8 24. f4 Rc3 25. fxe5 Bxe5 26. Rxe5 Rxc6 27. Ree1 Re6 28. Rxe6 fxe6 29. Rc1 Ke7 30. Rxc7+ Kd6 31. Ra7 Kd5 32. Rxa6 e5 33. Ra4 g5 34. g4 Ke6 35. Kf2 h6 36. Rb4 Kd5 37. Ke3 Kc5 38. Rb8 Kc6 39. a4 Kc7 40. Rb1 1-0

[Event "Collado Villalba op 38th"]
[Site "Collado Villalba"]
[Date "2021.08.24"]
[Round "4"]
[White "Sancho Castiello, Federico"]
[Black "Jimenez Carrazoni, Javier"]
[Result "1-0"]
[WhiteElo "1763"]
[BlackElo "1453"]
[PlyCount "59"]
[EventDate "2021.08.21"]
[EventType "swiss"]
[EventRounds "9"]
[EventCountry "ESP"]
[SourceTitle "CBM 204 Extra"]
[Source "ChessBase"]
[SourceDate "2021.11.30"]
[SourceVersion "1"]
[SourceVersionDate "2021.11.30"]
[SourceQuality "1"]

1. e4 c5 2. Nf3 Nc6 3. d4 cxd4 4. Nxd4 e5 5. Nb5 d6 6. N1c3 a6 7. Na3 Be7 8. Nc4 b5 9. Ne3 Nf6 10. g3 0-0 11. Bg2 Nd4 12. Ncd5 Be6 13. c3 Nc6 14. 0-0 Rb8 15. Qd3 Nd7 16. Nxe7+ Qxe7 17. Rd1 Nf6 18. Qxd6 Qb7 19. Bd2 Rfd8 20. Qa3 Qb6 21. Be1 Ng4 22. Nd5 Bxd5 23. exd5 Na5 24. b3 Rbc8 25. Qb4 Nf6 26. c4 e4 27. Qxa5 Qxa5 28. Bxa5 Rd6 29. Rac1 bxc4 30. bxc4 1-0

[Event "Collado Villalba op-B 36th"]
[Site "Collado Villalba"]
[Date "2019.08.26"]
[Round "4"]
[White "Sancho Castiello, Federico"]
[Black "Minguez Greciano, Iluminada"]
[Result "1-0"]
[WhiteElo "1716"]
[BlackElo "1818"]
[PlyCount "76"]
[EventDate "2019.08.23"]
[EventType "swiss"]
[EventRounds "9"]
[EventCountry "ESP"]
[SourceTitle "CBM 192 Extra"]
[Source "Chessbase"]
[SourceDate "2019.11.06"]
[SourceVersion "1"]
[SourceVersionDate "2019.11.06"]
[SourceQuality "1"]

1. e4 c6 2. d4 d5 3. Nd2 dxe4 4. Nxe4 Bf5 5. Ng3 Bg6 6. h4 h6 7. Nf3 Nd7 8. h5 Bh7 9. Bd3 Bxd3 10. Qxd3 e6 11. Bd2 Ngf6 12. 0-0-0 Qc7 13. Ne4 0-0-0 14. c4 Nxe4 15. Qxe4 Nf6 16. Qe2 Bd6 17. g3 Rhe8 18. Bc3 Nd7 19. Ne5 Bxe5 20. dxe5 c5 21. Rd6 Nb8 22. Rhd1 Nc6 23. b3 Rg8 24. Qe3 Nb8 25. f4 Rd7 26. Qd2 Rgd8 27. Ba5 b6 28. Bc3 Qb7 29. Qe2 Rg8 30. g4 Rxd6 31. Rxd6 Nd7 32. Kb2 Kd8 33. Qd3 Rh8 34. f5 Ke7 35. fxe6 Nf8 36. exf7 Qg2+ 37. Ka3 Qxg4 38. Rd8 Qe6 1-0

[Event "Collado Villalba op-B 36th"]
[Site "Collado Villalba"]
[Date "2019.08.23"]
[Round "1"]
[White "Sancho Castiello, Federico"]
[Black "Buergo Villanueva, Fernando"]
[Result "1-0"]
[WhiteElo "1716"]
[BlackElo "1282"]
[PlyCount "108"]
[EventDate "2019.08.23"]
[EventType "swiss"]
[EventRounds "9"]
[EventCountry "ESP"]
[SourceTitle "CBM 192 Extra"]
[Source "Chessbase"]
[SourceDate "2019.11.06"]
[SourceVersion "1"]
[SourceVersionDate "2019.11.06"]
[SourceQuality "1"]

1. e4 e6 2. d4 d5 3. Nd2 Nf6 4. e5 Nfd7 5. Bd3 Nc6 6. c3 b6 7. Ne2 Bb7 8. 0-0 Qe7 9. b4 a6 10. a4 f6 11. exf6 Qxf6 12. Nf3 Bd6 13. Bg5 Qf7 14. Qc2 g6 15. Rfe1 Ne7 16. Ng3 0-0-0 17. Qe2 Nf8 18. Bxa6 h6 19. Bxb7+ Kxb7 20. Bxe7 Qxe7 21. a5 Nd7 22. axb6 Ra8 23. bxc7 Bxc7 24. Rxa8 Rxa8 25. Qxe6 Qxe6 26. Rxe6 Nf8 27. Rf6 Bxg3 28. hxg3 Nd7 29. Rxg6 Ra3 30. Rg7 Kc8 31. Ne5 Nb6 32. Rg6 Kb7 33. Rc6 h5 34. Rc5 Na4 35. Ra5 Ra2 36. c4 dxc4 37. Nxc4 Nc3 38. Rxa2 Nxa2 39. b5 Nc3 40. f4 Ne2+ 41. Kf2 Nxd4 42. b6 Nf5 43. Kf3 Nd4+ 44. Ke4 Ne2 45. f5 Nxg3+ 46. Kf4 Ne2+ 47. Kg5 Nd4 48. f6 Ne6+ 49. Kxh5 Nf8 50. Kh6 Kc6 51. Kg7 Nd7 52. f7 Kb7 53. f8Q Nxf8 54. Kxf8 Kc6 1-0

[Event "Collado Villalba op-A 35th"]
[Site "Collado Villalba"]
[Date "2018.08.29"]
[Round "6"]
[White "Sancho Castiello, Federico"]
[Black "Camacho Casado, Natalio"]
[Result "1/2-1/2"]
[WhiteElo "1795"]
[BlackElo "1836"]
[PlyCount "94"]
[EventDate "2018.08.24"]
[EventType "swiss"]
[EventRounds "9"]
[EventCountry "ESP"]
[SourceTitle "CBM 186 Extra"]
[Source "ChessBase"]
[SourceDate "2018.08.24"]
[SourceVersion "1"]
[SourceVersionDate "2018.08.24"]
[SourceQuality "1"]

1. e4 c5 2. Nf3 e6 3. d4 cxd4 4. Nxd4 a6 5. Nc3 Qc7 6. Bd3 Nf6 7. f4 d6 8. Qf3 Nbd7 9. g4 Nc5 10. g5 Nxd3+ 11. cxd3 Nd7 12. Be3 b5 13. Rc1 Nc5 14. Qe2 Qd7 15. b4 Na4 16. Nxa4 bxa4 17. a3 Bb7 18. 0-0 Be7 19. f5 e5 20. Nf3 g6 21. Nh4 d5 22. fxg6 hxg6 23. Qf2 Rh7 24. Nf3 Qg4+ 25. Qg3 Qxg3+ 26. hxg3 dxe4 27. dxe4 Bxe4 28. Nxe5 Rh1+ 29. Kf2 Rh2+ 30. Ke1 Bd5 31. Rc3 Bb3 32. Rf2 Rh5 33. Nf3 Rd8 34. Nd2 Bd5 35. Re2 Kf8 36. Bb6 Re8 37. Bc5 Bxc5 38. Rxe8+ Kxe8 39. Rxc5 Rxg5 40. Kf2 Rf5+ 41. Ke3 Be6 42. Ne4 Rf1 43. Ra5 Re1+ 44. Kd4 Rd1+ 45. Kc3 Re1 46. Kd4 Rd1+ 47. Kc3 Re1 1/2-1/2

[Event "Tres Cantos op 10th"]
[Site "Tres Cantos"]
[Date "2018.06.24"]
[Round "4.43"]
[White "Sancho Castiello, Federico"]
[Black "Lopez Garcia, Rafael"]
[Result "1-0"]
[WhiteElo "1776"]
[BlackElo "1432"]
[PlyCount "53"]
[EventDate "2018.06.21"]
[EventType "swiss"]
[EventRounds "9"]
[EventCountry "ESP"]
[SourceTitle "EXT 2024"]
[Source "ChessBase"]
[SourceDate "2023.10.10"]
[SourceVersion "1"]
[SourceVersionDate "2023.10.10"]
[SourceQuality "1"]

1. e4 e5 2. Nf3 Nc6 3. Bb5 Bc5 4. 0-0 d6 5. c3 a6 6. Ba4 b5 7. Bc2 Nf6 8. h3 0-0 9. d4 Bb6 10. a4 b4 11. d5 Ne7 12. cxb4 a5 13. bxa5 Bxa5 14. Bd2 Ng6 15. b4 Bb6 16. Nc3 Nh5 17. a5 Bd4 18. Nxd4 exd4 19. Qxh5 dxc3 20. Bxc3 Ba6 21. Rfe1 Qb8 22. e5 dxe5 23. Rxe5 h6 24. Bxg6 fxg6 25. Qxg6 Rf6 26. Qg3 Rg6 27. Qxg6 1-0

[Event "ESP-ch Seniors 65"]
[Site "Altea"]
[Date "2016.10.12"]
[Round "4"]
[White "Dominguez Rueda, Juan"]
[Black "Sancho Castiello, Federico"]
[Result "1/2-1/2"]
[WhiteElo "2116"]
[BlackElo "1830"]
[PlyCount "81"]
[EventDate "2016.10.09"]
[EventType "swiss"]
[EventRounds "9"]
[EventCountry "ESP"]
[SourceTitle "EXT 2024"]
[Source "ChessBase"]
[SourceDate "2023.10.10"]
[SourceVersion "1"]
[SourceVersionDate "2023.10.10"]
[SourceQuality "1"]

1. e4 c5 2. Nf3 e6 3. d3 Nc6 4. g3 Nf6 5. Bg2 d5 6. Nbd2 dxe4 7. dxe4 e5 8. 0-0 Be7 9. c3 0-0 10. Qc2 Qc7 11. Nc4 b5 12. Ne3 Rd8 13. h3 Bb7 14. Nf5 Bf8 15. Bg5 Rd7 16. Bxf6 gxf6 17. Qe2 Ne7 18. N3h4 c4 19. Nxe7+ Bxe7 20. a4 a6 21. Rfe1 Rad8 22. Qg4+ Kh8 23. Qh5 Bc5 24. Re2 Rd3 25. Bf3 Bc8 26. Kg2 Rg8 27. axb5 axb5 28. Bg4 Rg5 29. Qh6 Bxg4 30. Qxf6+ Rg7 31. hxg4 Be7 32. Ra8+ Rd8 33. Rxd8+ Bxd8 34. Qf3 Bxh4 35. gxh4 Qd7 36. Kg3 Qd1 37. Kh2 Kg8 38. Re3 Qxf3 39. Rxf3 Rxg4 40. Rg3 Rg6 41. Kh3 1/2-1/2

[Event "Benidorm op U2000 14th"]
[Site "Benidorm"]
[Date "2015.11.29"]
[Round "2"]
[White "La Orden Gil, Javier"]
[Black "Sancho Castiello, Federico"]
[Result "1-0"]
[WhiteElo "1991"]
[BlackElo "1816"]
[PlyCount "121"]
[EventDate "2015.11.28"]
[EventType "swiss"]
[EventRounds "10"]
[EventCountry "ESP"]
[SourceTitle "CBM 169 Extra"]
[Source "ChessBase"]
[SourceDate "2015.12.18"]
[SourceVersion "1"]
[SourceVersionDate "2015.12.18"]
[SourceQuality "1"]

1. e4 c5 2. Nc3 e6 3. Nf3 Nc6 4. d4 cxd4 5. Nxd4 a6 6. Be3 Qc7 7. Qd2 Nf6 8. f3 Be7 9. 0-0-0 0-0 10. g4 b5 11. g5 b4 12. Na4 Nh5 13. Kb1 Bb7 14. Rg1 Nxd4 15. Bxd4 d5 16. Nb6 Rad8 17. e5 Bc6 18. Bd3 Rb8 19. Qe3 Bb5 20. Rg4 g6 21. b3 Ng7 22. Na4 Bxd3 23. Qxd3 Rfc8 24. f4 Nf5 25. Rd2 Qc6 26. h4 Rb7 27. h5 Qb5 28. hxg6 Qxd3 29. gxf7+ Kxf7 30. Rxd3 Rbc7 31. Rg2 Kg6 32. Rh2 Bf8 33. Nb2 h5 34. Nd1 Rf7 35. Bf2 Ng7 36. Be3 Nf5 37. Bf2 Ng7 38. Be3 Nf5 39. Bd2 a5 40. Ne3 Ng7 41. Ng2 Nf5 42. Rdh3 Rfc7 43. Ne1 Ng7 44. Bc1 Bc5 45. Nf3 Bb6 46. Nh4+ Kf7 47. g6+ Ke7 48. a3 Rc3 49. axb4 Rxh3 50. Rxh3 axb4 51. Bd2 Bc5 52. Kb2 d4 53. Rh1 d3 54. c3 bxc3+ 55. Bxc3 Be3 56. Ng2 Bb6 57. b4 Rd8 58. Kb3 Bf2 59. Kc4 h4 60. Bd2 Nf5 61. Ne1 1-0

[Event "Benidorm op U2000 13th"]
[Site "Benidorm"]
[Date "2014.12.05"]
[Round "8"]
[White "Sancho Castiello, Federico"]
[Black "Ferrandiz Iserte, Albert"]
[Result "0-1"]
[WhiteElo "1817"]
[BlackElo "1939"]
[PlyCount "48"]
[EventDate "2014.11.28"]
[EventType "swiss"]
[EventRounds "10"]
[EventCountry "ESP"]
[SourceTitle "CBM 163 Extra"]
[Source "ChessBase"]
[SourceDate "2014.12.23"]
[SourceVersion "1"]
[SourceVersionDate "2014.12.23"]
[SourceQuality "1"]

1. e4 e6 2. d4 d5 3. Nd2 Nf6 4. e5 Nfd7 5. Bd3 c5 6. c3 Nc6 7. Ne2 cxd4 8. cxd4 f6 9. exf6 Nxf6 10. Nf3 Bd6 11. 0-0 Qc7 12. Nc3 a6 13. Bg5 0-0 14. Rc1 h6 15. Bh4 Nh5 16. Bb1 Nf4 17. Bg3 g5 18. Na4 Qe7 19. Nc5 Bxc5 20. Bxf4 Rxf4 21. Rxc5 Bd7 22. g3 Rf7 23. Qd3 Raf8 24. Rxc6 Rxf3 0-1